000 00907cam a22002531 4500
001 ca 28000527
003 DLC
005 20260227111120.0
008 800401s1881 nyu 000 0 eng
010 _aca 28000527
035 _a(OCoLC)6156234
040 _aDLC
_cLU
_dMoSU-L
_dDLC
042 _apremarc
043 _ae-uk---
050 0 0 _aHD593
_b.F5 1881
100 1 _aFisher, Joseph,
_cF.R.H.S.
245 1 4 _aThe history of landholding in England.
_cBy Joseph Fisher ...
260 _a[New York,
_bJ. Fitzgerald & co.,
_c1881]
300 _a48 p.
_c25 cm.
440 0 _aHumboldt library of popular science literature.
_vvol. II, no. 27
500 _aCaption title.
500 _a"This work is an expansion of a paper read at the meeting of the Royal historical society in May, 1875, and will be published in the volume of the Transactions of that body."
650 0 _aLand tenure
_zGreat Britain.
999 _c16386
_d16386